<?xml version="1.0" encoding="UTF-8"?>
<collection xmlns="http://www.loc.gov/MARC21/slim">
  <record>
    <leader>00000nam  2200000   4500</leader>
    <controlfield tag="001">INLIS000000000013219</controlfield>
    <controlfield tag="005">20220905022656</controlfield>
    <datafield tag="035" ind1="#" ind2="#">
      <subfield code="a">0010-0822000020</subfield>
    </datafield>
    <datafield tag="245" ind1="1" ind2="#">
      <subfield code="a">Dapur NKRI: Membangun Kapasitas Kelembagaan Badan Pengelola Perbatasan Daerah Kabupaten Malinau dalam Upaya Mewujudkan Kedaulatan NKRI /</subfield>
      <subfield code="c">Dr. Njau Anau, S.Pd., M.Si.</subfield>
    </datafield>
    <datafield tag="100" ind1=" " ind2="#">
      <subfield code="a">ANAU,Njau</subfield>
    </datafield>
    <datafield tag="250" ind1="#" ind2="#">
      <subfield code="a">1</subfield>
    </datafield>
    <datafield tag="300" ind1="#" ind2="#">
      <subfield code="a">40 halaman.,laampiran :</subfield>
      <subfield code="b">ilustrasi ;</subfield>
      <subfield code="c">30 cm</subfield>
    </datafield>
    <datafield tag="260" ind1="#" ind2="#">
      <subfield code="a">Samarinda :</subfield>
      <subfield code="b">Puslatbang KDOD,</subfield>
      <subfield code="c">2020</subfield>
    </datafield>
    <datafield tag="084" ind1="#" ind2="#">
      <subfield code="a">PKN 305 2020</subfield>
    </datafield>
    <datafield tag="600" ind1="#" ind2="4">
      <subfield code="a">Proyek Perubahan</subfield>
    </datafield>
    <datafield tag="520" ind1="#" ind2="#">
      <subfield code="a">Laporan proyek perubahan ini menjelaskan pentingnya halaman depan republik pada area perbatasan Kabupaten Malinau dengan ngara tetangga Sarawak belum beranda yang resik namun kumuh serta tertinggal banyak salah satunya dari aspek ekonomi pemenuhan kebutuhan pokok masyarakat dengan Negara tetangganya. Inovasi perubahan ini membentuk kembali Badan Pengelola Perbatasan Daerah Kabupaten Malinau sebagai koordinator pengelolaan kawasan perbatasan di tingkat daerah akan memberikan solusi terbaik dalam pengembangan pembangunan kawasan perbatasan serta tidak terkikis rasa nasionalisnya masyarakat perbatasan akibat pengaruh dari negara tetangga.</subfield>
    </datafield>
    <datafield tag="500" ind1="#" ind2="#">
      <subfield code="a">Coach :Prof. Dr. Sugeng Haryadi, MBA&#13;
Penguji:Dr. Muhammad Firdaus, MBA&#13;
Mentor:Dr. Ernes Silyanus, S.Pi. MM</subfield>
    </datafield>
    <controlfield tag="008">220905################|##########|#|##</controlfield>
    <datafield tag="650" ind1="#" ind2="4">
      <subfield code="a">kepemimpinan tingkat II</subfield>
    </datafield>
    <datafield tag="650" ind1="#" ind2="4">
      <subfield code="a">sistem informasi</subfield>
    </datafield>
    <datafield tag="650" ind1="#" ind2="4">
      <subfield code="a">inovasi pemerintah</subfield>
    </datafield>
    <datafield tag="650" ind1="#" ind2="4">
      <subfield code="a">manajemen organisasi</subfield>
    </datafield>
    <datafield tag="650" ind1="#" ind2="4">
      <subfield code="a">badan pemerintah</subfield>
    </datafield>
    <datafield tag="650" ind1="#" ind2="4">
      <subfield code="a">daerah perbatasan</subfield>
    </datafield>
    <datafield tag="650" ind1="#" ind2="4">
      <subfield code="a">nasionalisme</subfield>
    </datafield>
    <datafield tag="990" ind1="#" ind2="#">
      <subfield code="a">PKN/305/2020</subfield>
    </datafield>
  </record>
</collection>
